The gospel and epistle of John; his life, love and light. (Record no. 16318)

000 -LEADER
fixed length control field 00776nam a2200193 a 4500
001 - CONTROL NUMBER
control field :::00019183$&:&@@
003 - CONTROL NUMBER IDENTIFIER
control field OkBaRHE
005 - DATE AND TIME OF LATEST TRANSACTION
control field 20110308183505.0
008 - FIXED-LENGTH DATA ELEMENTS--GENERAL INFORMATION
fixed length control field s1929 j 000 0 eng u
040 ## - CATALOGING SOURCE
Transcribing agency
100 1# - MAIN ENTRY--PERSONAL NAME
Personal name Harrison, Norman B.
245 14 - TITLE STATEMENT
Title The gospel and epistle of John; his life, love and light.
Statement of responsibility, etc the gospel of John and first epistle of John.
260 ## - PUBLICATION, DISTRIBUTION, ETC. (IMPRINT)
Place of publication, distribution, etc Minneapolis, Minnesota
Name of publisher, distributor, etc The Harrison Service
Date of publication, distribution, etc c1929
300 ## - PHYSICAL DESCRIPTION
Extent 96 p. ;
Dimensions 20 cm.
650 ## - SUBJECT ADDED ENTRY--TOPICAL TERM
Topical term or geographic name as entry element Bible New Testament 1 John
General subdivision Criticism, Interpretation, etc.
650 ## - SUBJECT ADDED ENTRY--TOPICAL TERM
Topical term or geographic name as entry element Bible New Testament John
General subdivision Criticism, Interpretation, etc.
942 ## - ADDED ENTRY ELEMENTS (KOHA)
Source of classification or shelving scheme
Koha item type Books
Copies
Shelving location Koha item type Full call number Source of classification or shelving scheme Copy number Price effective from Barcode Date last seen Damaged status Date acquired Withdrawn status Current Location Not for loan Lost status Permanent Location
General StacksBooksBS 2805 .H3 H5 12010-04-14000191832018-04-03 2010-04-14 RHEMA Bible Training College  RHEMA Bible Training College